00360nam a2200121Ia 4500008004100000041000800041082000800049100002300057245009700080260003200177300000800209520002100217221007s9999 xx 000 0 und d aeng bPAK aParekh S (2K41089) aNationwise Study of Consumers Usage & Pattern and Competitors Advertising Analysis for Honey c2006bPune UniversityaPune a70p aDr. Surya Ramdas